00902 2200325 4500001002100000005001500021035002000036007000300056040001700059100003200076245004000108250001100148300004300159020001800202041000800220082000800228084001500236090002300251264003700274336002100311337003000332338002300362850001000385008004100395504002500436700003400461990002700495990002700522990002700549INLIS00000000000557920260513065650 a0010-0222000669ta aSBPUPADbIND0 aAdjie Esa PoetraePengarang1 aRevolusi Nasyid /cAdjie Esa Poetra aCet. 1 axxii, 154 Hal. :billus. ;c14 x 20 cm a979-3503-29-7 aind a783 a783 ADJ r a297.632 INU i 5-6 aBandung :bMQS Publishing,c2004 2rdacontentaTeks 2rdamediaaTanpa Perantara 2rdacarrieraVolume aPUPAD260513 0  abibliografi, hlm 150 aeditor, Deny RianaePengarang a11145/BR/KAPD/PDG/2009 a11146/BR/KAPD/PDG/2009 a14079/BR/KAPD/PDG/2009